Statistics for (Old Version) All US States Visited in Jet Lag: The Game

Click here to take the quiz!

General Stats

  • This quiz has been taken 163 times
    (25 since last reset)
  • The average score is 22 of 30

Answer Stats

Season(s)Answer% Correct
1, 2, 4, 8Colorado
95%
2, 4New York
95%
1, 4Arizona
89%
8Florida
89%
4, 8Alaska
84%
1, 4Nevada
84%
8Washington
84%
4Washington DC
84%
1, 2, 4California
79%
1, 8Idaho
79%
4, 8Texas
79%
1, 8Utah
79%
4Massachusetts
74%
4Rhode Island
74%
1, 4Wyoming
74%
8Georgia
68%
1Montana
68%
1Oregon
68%
4Virginia
68%
8Alabama
63%
4Connecticut
63%
4, 8Illinois
63%
4Maryland
63%
4Michigan
63%
4Tennessee
63%
4Indiana
58%
4, 8Pennsylvania
58%
4Delaware
53%
4New Jersey
53%
8Wisconsin
53%

Score Distribution

Percentile by Number Answered

Percent of People with Each Score

Your Score History

You have not taken this quiz since the last reset